000
00422nam a2200133Ia 4500
008
100328s9999 xx 000 0 und d
082
_b
74644
100
_a
देशमुख के.एस.
245
_a
छान छान गोष्टी.
260
_b
विद्याभारती.
630
_a
छान छान गोष्टी.
730
_a
छान छान गोष्टी.
942
_c
BOOK
999
_c
560365
_d
560362